[Event "Ennepe- Ruhr- Solingen 4"]
[Site "?"]
[Date "2022.10.30"]
[Round "3.6"]
[White "Nasoyan, Maksim"]
[Black "Waagener, Ulrich"]
[Result "0-1"]
[WhiteElo "1861"]
[BlackElo "2123"]
[Annotator "daniel"]
[PlyCount "86"]
[SourceVersionDate "2023.06.22"]

1. Nf3 d5 2. d4 Nf6 3. g3 e6 4. Bg2 c5 5. c4 dxc4 6. Qa4+ Bd7 7. Qxc4 Bc6 8.
dxc5 Nbd7 9. O-O Bxc5 10. Nc3 Rc8 11. Qd3 h6 12. Bf4 O-O 13. Bd6 Bxd6 14. Qxd6
Qb6 15. Nd4 Bxg2 16. Qxb6 Nxb6 17. Kxg2 Nc4 18. Na4 Rfd8 19. Rfd1 a6 20. b3 Na3
21. Nf3 $11 Nd5 22. Rac1 b5 23. Rxc8 Rxc8 24. e4 Nf6 25. Nb6 Rc2 26. Rd8+ Kh7
27. Nd7 Nxd7 28. Rxd7 Rxa2 29. Rxf7 Nc2 30. h4 Ne3+ 31. Kg1 Ra1+ 32. Kh2 Ng4+
33. Kg2 Kg6 34. Rf8 a5 35. Nd4 a4 36. bxa4 bxa4 37. Nxe6 Ra2 38. h5+ Kh7 39.
Rf7 Ne3+ 40. Kh3 Nd1 41. f4 Nf2+ 42. Kh4 Ra1 43. g4 Ra3 0-1

[Event "Ennepe- Ruhr- Solingen 4"]
[Site "?"]
[Date "2022.10.30"]
[Round "3.7"]
[White "Erkay, Ali- Necip"]
[Black "Liesendahl, Felix"]
[Result "1/2-1/2"]
[WhiteElo "1957"]
[BlackElo "1775"]
[PlyCount "48"]
[SourceVersionDate "2023.06.22"]

1. d4 Nf6 2. c4 e6 3. g3 d5 4. Bg2 dxc4 5. Nf3 c5 6. O-O Nc6 7. Ne5 Bd7 8. Nxc6
Bxc6 9. Bxc6+ bxc6 10. dxc5 Qxd1 11. Rxd1 Bxc5 12. Nc3 Ke7 13. Bg5 Rhd8 14.
Bxf6+ gxf6 15. Na4 Bd4 16. e3 Be5 17. Rac1 Rab8 18. Rxd8 Kxd8 19. Rxc4 Bxb2 20.
Rxc6 Ba3 21. Ra6 Rb7 22. Nc3 Be7 23. a4 Kd7 24. h4 h6 1/2-1/2

[Event "Bonn Beuel- Bergneustadt"]
[Site "?"]
[Date "2022.10.30"]
[Round "3.1"]
[White "Stuemer, Paul"]
[Black "Haag, Martin"]
[Result "0-1"]
[WhiteElo "2009"]
[BlackElo "2211"]
[PlyCount "56"]
[SourceVersionDate "2023.06.22"]

1. Nf3 d5 2. e3 Nf6 3. d4 e6 4. c4 c5 5. a3 a6 6. dxc5 Bxc5 7. b4 Ba7 8. Bb2
O-O 9. Nbd2 Nc6 10. cxd5 exd5 11. Nb3 Qd6 12. Nbd4 Re8 13. Be2 Ne4 14. O-O Bd7
15. b5 Na5 16. Rc1 Rac8 17. Rxc8 Rxc8 18. Qa1 Nc4 19. Bxc4 Rxc4 20. Rd1 f6 21.
Ne1 Bb8 22. g3 Ba7 23. bxa6 bxa6 24. Nd3 Bg4 25. Rc1 Nd2 26. Rxc4 dxc4 27. Qc1
Bxd4 28. exd4 Nf3+ 0-1

[Event "Bonn Beuel- Bergneustadt"]
[Site "?"]
[Date "2022.10.30"]
[Round "3.2"]
[White "Hoppe, Thilo"]
[Black "Michalik, Friedhelm"]
[Result "1-0"]
[WhiteElo "2104"]
[BlackElo "2119"]
[PlyCount "65"]
[SourceVersionDate "2023.06.22"]

1. d4 Nf6 2. c4 g6 3. Nc3 Bg7 4. e4 O-O 5. Be3 Nc6 6. d5 Nb4 7. a3 Na6 8. h3 d6
9. Qc2 c6 10. Nf3 Qa5 11. Rc1 cxd5 12. cxd5 Bd7 13. Be2 Rfc8 14. O-O Qc7 15.
Qb1 Qb8 16. Rfe1 Nc5 17. b4 Na4 18. Nxa4 Bxa4 19. b5 a6 20. b6 Ne8 21. e5 Bb5
22. Bxb5 axb5 23. e6 fxe6 24. Qxb5 Nf6 25. dxe6 Rxa3 26. Bd4 Kf8 27. Ng5 Ra6
28. Bxf6 Bxf6 29. Nxh7+ Kg7 30. Nxf6 Rxc1 31. Nh5+ gxh5 32. Qg5+ Kh7 33. Qxe7+
1-0

[Event "Bonn Beuel- Bergneustadt"]
[Site "?"]
[Date "2022.10.30"]
[Round "3.3"]
[White "Wang, Andre"]
[Black "Lorenz, Roger"]
[Result "1-0"]
[WhiteElo "2010"]
[BlackElo "2195"]
[PlyCount "91"]
[SourceVersionDate "2023.06.22"]

1. d4 Nf6 2. c4 e6 3. Nc3 Bb4 4. Nf3 b6 5. g3 Bb7 6. Bg2 O-O 7. O-O Bxc3 8.
bxc3 d6 9. a4 Nc6 10. Nd2 Qe7 11. Nb3 a5 12. Ba3 Nd7 13. Rb1 Nd8 14. e4 Ba6 15.
Nd2 c5 16. e5 Rc8 17. f4 Nb7 18. Be4 f6 19. Qf3 Nd8 20. exd6 Qxd6 21. f5 e5 22.
Bd5+ Kh8 23. Rfe1 exd4 24. cxd4 Rb8 25. Re6 Nxe6 26. fxe6 Rfd8 27. Ne4 Ne5 28.
dxe5 Qxe5 29. Bb2 Qc7 30. Qf5 Rf8 31. Rf1 Rbe8 32. g4 Qe7 33. h4 Bc8 34. Nxf6
gxf6 35. Bxf6+ Rxf6 36. Qxf6+ Qxf6 37. Rxf6 Kg8 38. g5 Re7 39. h5 Kg7 40. Kf2
Kg8 41. Kf3 Kg7 42. Kf4 Re8 43. Rf7+ Kh8 44. e7 Bd7 45. h6 Bxa4 46. Rf8+ 1-0

[Event "Bonn Beuel- Bergneustadt"]
[Site "?"]
[Date "2022.10.30"]
[Round "3.4"]
[White "Decker, Nils"]
[Black "Kiparski, Ekkehart"]
[Result "1/2-1/2"]
[WhiteElo "2094"]
[BlackElo "2012"]
[PlyCount "114"]
[SourceVersionDate "2023.06.22"]

1. e4 c6 2. d4 d5 3. e5 Bf5 4. h4 h6 5. g4 Be4 6. f3 Bg6 7. e6 fxe6 8. Nh3 e5
9. dxe5 e6 10. Nf4 Bf7 11. Bd3 Ne7 12. b4 Nd7 13. Qe2 Qc7 14. Bb2 O-O-O 15. h5
c5 16. Na3 a6 17. b5 c4 18. Kf1 c3 19. Bc1 a5 20. b6 Qxe5 21. Nb5 Qxe2+ 22.
Nxe2 Nc6 23. Be3 e5 24. Nexc3 d4 25. Ne4 Nxb6 26. Bf2 Nd5 27. Bh4 Rd7 28. Ng3
Ne3+ 29. Kf2 Bc4 30. Rhc1 Bxb5 31. Bxb5 Ba3 32. Bd3 Bxc1 33. Rxc1 Nb4 34. Be4
Nxa2 35. Ra1 Nc3 36. Bd3 b6 37. Nf5 Ned5 38. Bg3 Nf4 39. Ba6+ Kb8 40. Re1 Ka7
41. Bf1 d3 42. cxd3 Nxd3+ 43. Bxd3 Rxd3 44. Bxe5 a4 45. Bxg7 Rg8 46. g5 Rxg7
47. Nxg7 a3 48. gxh6 Rd8 49. Ne8 Nd1+ 50. Rxd1 Rxd1 51. h7 a2 52. h8=Q a1=Q 53.
Qh7+ Ka6 54. Nc7+ Kb7 55. Ne8+ Ka6 56. Nc7+ Kb7 57. Ne8+ Ka6 1/2-1/2

[Event "Bonn Beuel- Bergneustadt"]
[Site "?"]
[Date "2022.10.30"]
[Round "3.5"]
[White "Stahlschmidt, Timo"]
[Black "Gikas, Andreas Basilius"]
[Result "0-1"]
[WhiteElo "1753"]
[BlackElo "2125"]
[PlyCount "94"]
[SourceVersionDate "2023.06.22"]

1. e4 c5 2. b4 cxb4 3. a3 Nc6 4. axb4 Nxb4 5. d4 d5 6. c3 Nc6 7. exd5 Qxd5 8.
Na3 Bd7 9. Nb5 Rc8 10. Nxa7 Nxa7 11. Rxa7 e5 12. Nf3 exd4 13. Nxd4 Bc5 14. Ra5
Nf6 15. Be2 b6 16. Ra7 b5 17. Rxd7 Nxd7 18. O-O O-O 19. Nxb5 Qxd1 20. Rxd1 Nf6
21. Bf4 Ne4 22. Rf1 Rfe8 23. Bf3 Nxf2 24. Nd4 Ne4 25. Kh1 Nxc3 26. Nf5 Ne4 27.
Bxe4 Rxe4 28. Bd6 Re2 29. Ra1 Bxd6 30. Nxd6 Rb8 31. Kg1 h6 32. Nc4 Rc8 33. Kf1
Rc2 34. Ne3 Rc1+ 35. Rxc1 Rxc1+ 36. Kf2 g6 37. Nd5 Kg7 38. h3 h5 39. Nf4 Kf6
40. Ke3 Kf5 41. Nd5 Ke5 42. Nb4 Rc3+ 43. Kf2 Ke4 44. Ke2 Rb3 45. Nc6 Rb2+ 46.
Kf1 Kf4 47. Nd8 Kg3 0-1

[Event "Bonn Beuel- Bergneustadt"]
[Site "?"]
[Date "2022.10.30"]
[Round "3.6"]
[White "Rosskothen, Arnd"]
[Black "Chlechowitz, Maximilian"]
[Result "1/2-1/2"]
[WhiteElo "2126"]
[BlackElo "1646"]
[Annotator "daniel"]
[PlyCount "134"]
[SourceVersionDate "2023.06.22"]

1. d4 d6 2. c4 e5 3. Nc3 Nf6 4. e4 Be7 5. Be2 c6 6. Nf3 Qc7 7. O-O O-O 8. h3 b6
9. Be3 Bb7 10. d5 cxd5 11. cxd5 Na6 12. Rc1 Rac8 13. Nd2 Nd7 14. Qa4 Nac5 15.
Qa3 a5 16. b4 axb4 17. Qxb4 Ra8 18. a4 Ba6 19. Nc4 Rfb8 20. Ra1 Rb7 $11 21.
Rfc1 Rba7 22. Nb5 Bxb5 23. Qxb5 Rxa4 24. Rxa4 Rxa4 25. Bxc5 Nxc5 26. Nxb6 Rxe4
27. Bg4 g6 28. Qe8+ Kg7 29. Qc6 Bd8 30. Nc8 Qxc6 31. dxc6 Bc7 32. Rd1 Rd4 33.
Ne7 Rxd1+ 34. Bxd1 Kf8 35. Nd5 Ne6 36. Ba4 $11 Bd8 37. Kf1 Nc7 38. Nxc7 Bxc7
39. Bb3 f5 40. Ke2 Ke7 41. g3 Bb6 42. f3 e4 43. fxe4 fxe4 44. Bd5 e3 45. g4 g5
46. Kf3 Kf6 47. c7 Bxc7 48. Kxe3 Ke5 49. Be4 Bb6+ 50. Kf3 h6 51. Bh7 Kd4 52.
Bg6 Bd8 53. Bh7 Bf6 54. Bg6 Be5 55. Bh7 Bf4 56. h4 Kc3 57. hxg5 Bxg5 58. Ke4
Kd2 59. Kd5 Bf4 60. Bf5 Ke3 61. Bd7 Kf3 62. Be6 Kg3 63. Bd7 Kh4 64. Bc8 Be5 65.
Be6 Kg5 66. Bc8 h5 67. gxh5 Kxh5 1/2-1/2

[Event "Bonn Beuel- Bergneustadt"]
[Site "?"]
[Date "2022.10.30"]
[Round "3.7"]
[White "Sailer, Hans- Peter"]
[Black "Koch, Matthias"]
[Result "1/2-1/2"]
[WhiteElo "1928"]
[BlackElo "1897"]
[PlyCount "67"]
[SourceVersionDate "2023.06.22"]

1. e4 e5 2. Nf3 Nc6 3. Bb5 a6 4. Ba4 d6 5. c3 f5 6. d3 Nf6 7. Qe2 Be7 8. O-O
O-O 9. Re1 fxe4 10. dxe4 Bg4 11. Nbd2 Qd7 12. Nf1 Bxf3 13. Qxf3 Kh8 14. Be3
Rae8 15. Rad1 b5 16. Bc2 Bd8 17. Qe2 Qf7 18. Bb3 Qg6 19. f3 Nh5 20. Rd2 Na5 21.
Kh1 Nxb3 22. axb3 Bg5 23. g3 Bxe3 24. Qxe3 Qf7 25. g4 Nf4 26. b4 Qe7 27. Ng3 g6
28. Rf1 Rc8 29. Ne2 Nxe2 30. Qxe2 c5 31. bxc5 dxc5 32. Rd5 Rfd8 33. Rfd1 Rxd5
34. Rxd5 1/2-1/2

[Event "Bruehl- Bergische SF"]
[Site "?"]
[Date "2022.10.30"]
[Round "3.1"]
[White "Harringer, Manfred"]
[Black "Loifenfeld, Yakov"]
[Result "1/2-1/2"]
[WhiteElo "2035"]
[BlackElo "2392"]
[PlyCount "47"]
[SourceVersionDate "2023.06.22"]

1. e4 Nf6 2. e5 Nd5 3. d4 d6 4. Nf3 dxe5 5. Nxe5 g6 6. c4 Nf6 7. Be2 Bg7 8. O-O
O-O 9. Nc3 Nfd7 10. Nf3 Nc6 11. Be3 e5 12. Qd2 exd4 13. Nxd4 Nde5 14. Rad1 Bd7
15. Nd5 Nxd4 16. Bxd4 Bc6 17. Ne3 Qe7 18. f4 Nd7 19. Bxg7 Kxg7 20. Bf3 Bxf3 21.
Rxf3 Nf6 22. Qc3 Kg8 23. Nd5 Nxd5 24. Rxd5 1/2-1/2

[Event "Bruehl- Bergische SF"]
[Site "?"]
[Date "2022.10.30"]
[Round "3.2"]
[White "Keller, Thomas"]
[Black "Bosbach, Stefan"]
[Result "1/2-1/2"]
[WhiteElo "2257"]
[BlackElo "2091"]
[PlyCount "117"]
[SourceVersionDate "2023.06.22"]

1. e4 e6 2. Qe2 Be7 3. Nf3 d5 4. d3 c6 5. g3 Bd7 6. Bg2 Na6 7. O-O h5 8. c4
dxc4 9. dxc4 f6 10. e5 f5 11. h4 Qc7 12. a3 Nh6 13. b4 Nf7 14. Nc3 Rd8 15. Bf4
g6 16. Rfd1 O-O 17. c5 Bc8 18. Nd2 Rd4 19. Nc4 Rxf4 20. gxf4 Bxh4 21. Nd6 Nh6
22. Rd2 Ng4 23. Rf1 g5 24. fxg5 Bxg5 25. f4 Bh6 26. Rd3 b6 27. Rh3 bxc5 28. b5
cxb5 29. Ncxb5 Qb6 30. Qc4 Bd7 31. Rff3 Kg7 32. Rxh5 Qa5 33. Qd3 Bc6 34. Rf1
Bxg2 35. Kxg2 c4 36. Qd4 Nc7 37. Nxc7 Qxc7 38. Rh3 Qc6+ 39. Rhf3 Kg6 40. Kg3
Rh8 41. Qxa7 Rh7 42. Qb8 Bg7 43. Qg8 Qd7 44. Rc1 Rh8 45. Qf7+ Qxf7 46. Nxf7
Kxf7 47. Rxc4 Bf8 48. Rb3 Be7 49. Rc7 Ra8 50. Kf3 Nh6 51. Ke2 Ng8 52. Rh3 Kg7
53. a4 Rxa4 54. Rg3+ Kf7 55. Rxg8 Kxg8 56. Rxe7 Rxf4 57. Rxe6 Kf7 58. Rf6+ Ke7
59. Kd3 1/2-1/2

[Event "Bruehl- Bergische SF"]
[Site "?"]
[Date "2022.10.30"]
[Round "3.3"]
[White "Gelsok, Philipp"]
[Black "Gramb, Marius"]
[Result "1/2-1/2"]
[WhiteElo "1921"]
[BlackElo "2162"]
[PlyCount "62"]
[SourceVersionDate "2023.06.22"]

1. e4 c6 2. c4 d5 3. cxd5 cxd5 4. exd5 Nf6 5. Nc3 Nxd5 6. Bc4 Nb6 7. Bb3 Nc6 8.
Nf3 Bf5 9. d4 e6 10. Bf4 Be7 11. O-O O-O 12. d5 exd5 13. Nxd5 Nxd5 14. Qxd5
Qxd5 15. Bxd5 Bf6 16. Bxc6 bxc6 17. Be5 Be7 18. Rac1 c5 19. Rfe1 Be6 20. a3
Rfd8 21. Rcd1 Rac8 22. Bc3 h6 23. h3 Kf8 24. Ne5 Rxd1 25. Rxd1 Rc7 26. Kf1 Bf6
27. f4 Ke8 28. Kf2 Bb3 29. Re1 Kf8 30. Re3 c4 31. Re2 Bxe5 1/2-1/2

[Event "Bruehl- Bergische SF"]
[Site "?"]
[Date "2022.10.30"]
[Round "3.4"]
[White "Spilles, Matthias"]
[Black "Eilers, Jochen"]
[Result "1-0"]
[WhiteElo "2085"]
[BlackElo "1952"]
[PlyCount "75"]
[SourceVersionDate "2023.06.22"]

1. e4 c5 2. Nf3 g6 3. d4 cxd4 4. Nxd4 Nc6 5. Be3 Bg7 6. Nc3 Nf6 7. Bc4 O-O 8.
Bb3 d5 9. exd5 Na5 10. Nde2 Nxb3 11. axb3 b5 12. Nxb5 Nxd5 13. Bd4 Bg4 14. Bxg7
Bxe2 15. Qxe2 Kxg7 16. O-O a6 17. Na3 Qc7 18. Nc4 e6 19. Ra4 Rfd8 20. Qe5+ Qxe5
21. Nxe5 Nc7 22. Rc4 Nb5 23. Ra1 Rd5 24. Nd3 Rd6 25. Kf1 f5 26. Rc5 Nd4 27.
Rc7+ Kf6 28. f4 g5 29. g3 gxf4 30. gxf4 Rc6 31. Rd7 Nb5 32. Ne5 Rc7 33. c4 Raa7
34. Rad1 Rxd7 35. Rxd7 Rxd7 36. Nxd7+ Ke7 37. cxb5 Kxd7 38. bxa6 1-0

[Event "Bruehl- Bergische SF"]
[Site "?"]
[Date "2022.10.30"]
[Round "3.5"]
[White "Gutt, Oswald"]
[Black "Schaefer, Juergen"]
[Result "0-1"]
[WhiteElo "1912"]
[BlackElo "2134"]
[PlyCount "66"]
[SourceVersionDate "2023.06.22"]

1. Nf3 g6 2. d4 Bg7 3. e4 d6 4. Nc3 c6 5. a4 a5 6. h3 Na6 7. Be2 Nb4 8. O-O Nf6
9. Be3 O-O 10. Nd2 e5 11. dxe5 dxe5 12. Nc4 Qxd1 13. Bxd1 Be6 14. Na3 Nd7 15.
Be2 Rfe8 16. Rac1 Bf8 17. Rfd1 Bc5 18. Bxc5 Nxc5 19. Nc4 Bxc4 20. Bxc4 Rad8 21.
Bb3 Nxb3 22. cxb3 Nd3 23. Rc2 Nc5 24. Rcd2 Rxd2 25. Rxd2 Nxb3 26. Rd7 Nc5 27.
Rd1 Kf8 28. Rb1 Rd8 29. b4 axb4 30. Rxb4 Rd4 31. Rxd4 exd4 32. Ne2 d3 33. Nc3
d2 0-1

[Event "Bruehl- Bergische SF"]
[Site "?"]
[Date "2022.10.30"]
[Round "3.7"]
[White "Gutt, Stefan"]
[Black "Berkle, Pascal"]
[Result "1-0"]
[WhiteElo "1919"]
[BlackElo "2010"]
[PlyCount "71"]
[SourceVersionDate "2023.06.22"]

1. d4 Nf6 2. Nf3 b6 3. e3 Bb7 4. Bd3 g6 5. O-O Bg7 6. Nbd2 d5 7. c4 dxc4 8.
Bxc4 O-O 9. Qe2 Nbd7 10. e4 e6 11. Rd1 c5 12. e5 Nd5 13. Nb3 Qc7 14. Re1 Rfe8
15. Bd2 a6 16. a4 cxd4 17. Nbxd4 Nxe5 18. Nxe5 Bxe5 19. Qxe5 Qxc4 20. Rec1 Qd3
21. Bg5 f6 22. Bxf6 Nxf6 23. Qxf6 Qe4 24. Nf3 Rac8 25. Rd1 Bd5 26. Qd4 Qxd4 27.
Nxd4 Rc4 28. b3 Rb4 29. a5 b5 30. Rac1 Rf8 31. Rc3 Kg7 32. f3 Rf7 33. Rdd3 Rd7
34. g3 Bc4 35. bxc4 bxc4 36. Nxe6+ 1-0

[Event "Halver- Schalksmühle- Plettenberg"]
[Site "?"]
[Date "2022.10.30"]
[Round "3.1"]
[White "Schulze, Marc"]
[Black "Jansen, Dirk Norbert"]
[Result "1-0"]
[WhiteElo "2178"]
[BlackElo "2119"]
[PlyCount "77"]
[SourceVersionDate "2023.06.22"]

1. Nf3 f5 2. d4 Nf6 3. c4 d6 4. Nc3 g6 5. g3 Bg7 6. Bg2 O-O 7. O-O Nc6 8. d5
Ne5 9. Nxe5 dxe5 10. Qb3 h6 11. Rd1 Kh8 12. c5 a6 13. Qc4 Qe8 14. a4 Qf7 15. b3
g5 16. a5 Bd7 17. Qb4 Rab8 18. d6 exd6 19. cxd6 cxd6 20. Be3 e4 21. Rxd6 Bc6
22. Rad1 Rbe8 23. Bd4 Re6 24. Bh3 Rxd6 25. Qxd6 g4 26. Bf1 Qxb3 27. e3 Kh7 28.
Bxa6 Rf7 29. Rb1 Ne8 30. Qc5 Bxd4 31. Qxd4 Qc2 32. Bc4 Rd7 33. Qe5 Ng7 34. Bb3
Qd2 35. Rd1 Qb2 36. Rxd7 Bxd7 37. Bf7 Bb5 38. Qxb5 Qxc3 39. Qb6 1-0

[Event "Halver- Schalksmühle- Plettenberg"]
[Site "?"]
[Date "2022.10.30"]
[Round "3.3"]
[White "Kuhnen, Thomas"]
[Black "Koelz, Niklas"]
[Result "1-0"]
[WhiteElo "2074"]
[BlackElo "1814"]
[PlyCount "75"]
[SourceVersionDate "2023.06.22"]

1. e4 c5 2. Nc3 e6 3. f4 Nc6 4. Nf3 a6 5. d3 b5 6. g3 Bb7 7. Bg2 Nge7 8. O-O d5
9. a4 b4 10. Ne2 a5 11. c4 d4 12. g4 Qc7 13. Ng3 O-O-O 14. f5 e5 15. f6 gxf6
16. Nh5 f5 17. exf5 Ng8 18. Ng5 h6 19. Ne4 Nce7 20. Qe2 Bxe4 21. Qxe4 f6 22.
Bd2 Qb6 23. Be1 Kc7 24. Bg3 Nc6 25. h4 Rd7 26. Rae1 Bd6 27. b3 Rhh7 28. Re2
Rde7 29. Bf3 Nd8 30. Qa8 Re8 31. Rg2 Rf8 32. Qe4 Nf7 33. Qe2 Kd7 34. Bd5 Bc7
35. Qf3 Ne7 36. Be6+ Kd8 37. Nxf6 Rg7 38. Nd7 1-0

[Event "Halver- Schalksmühle- Plettenberg"]
[Site "?"]
[Date "2022.10.30"]
[Round "3.5"]
[White "Hermaneck, Helmut"]
[Black "Schmidt, Volker"]
[Result "1-0"]
[WhiteElo "2137"]
[BlackElo "1967"]
[PlyCount "103"]
[SourceVersionDate "2023.06.22"]

1. c4 Nf6 2. Nc3 c5 3. g3 d5 4. cxd5 Nxd5 5. Bg2 Nc7 6. Nf3 Nc6 7. O-O e5 8. a3
Qd7 9. d3 Be7 10. Rb1 f6 11. Bd2 b6 12. Ne4 Nd5 13. Qa4 O-O 14. Rfc1 Bb7 15. b4
f5 16. Nc3 Nxc3 17. Bxc3 e4 18. Ne1 Qe6 19. bxc5 Bxc5 20. d4 Be7 21. e3 Rfc8
22. Bf1 Nd8 23. Bb4 Bf8 24. Rxc8 Rxc8 25. Bxf8 Kxf8 26. Qxa7 Ra8 27. Qxb6 Qxb6
28. Rxb6 Rxa3 29. Nc2 Ra7 30. Nb4 Nf7 31. h4 Ke8 32. Bc4 Nd8 33. Bb5+ Kf7 34.
Nc6 Bxc6 35. Bxc6 Rc7 36. Bd5+ Ke7 37. Bg8 h6 38. Bh7 Nf7 39. Bxf5 Nd6 40. g4
h5 41. Kg2 Rc1 42. Kg3 hxg4 43. Bxg4 Rg1+ 44. Kf4 g6 45. Ra6 Rh1 46. Ke5 Nf7+
47. Kxe4 Rxh4 48. Rxg6 Nh6 49. f3 Kf7 50. Rg5 Kf6 51. Kf4 Nf7 52. Ra5 1-0

[Event "Halver- Schalksmühle- Plettenberg"]
[Site "?"]
[Date "2022.10.30"]
[Round "3.8"]
[White "Wollenweber, Frank"]
[Black "Nhan, Jiehou"]
[Result "1-0"]
[WhiteElo "1800"]
[BlackElo "1378"]
[PlyCount "55"]
[SourceVersionDate "2023.06.22"]

1. d4 e6 2. e3 d5 3. Bd3 Nf6 4. f4 c5 5. c3 Nc6 6. Nf3 Bd6 7. Ne5 Ne4 8. O-O
cxd4 9. exd4 Qb6 10. Bxe4 dxe4 11. Kh1 O-O 12. Nd2 Bxe5 13. fxe5 Rd8 14. Qe2
Ne7 15. Qf2 Nf5 16. Nxe4 Bd7 17. Bg5 Rf8 18. Ng3 Bc6 19. Nxf5 exf5 20. Be7 Rfe8
21. Bc5 Qc7 22. Qxf5 Re6 23. Rf2 Rae8 24. Bd6 Qd7 25. c4 Bxg2+ 26. Kxg2 Rg6+
27. Kh1 Qc6+ 28. d5 1-0

[Event "Welper- Düsseldorf- Süd"]
[Site "?"]
[Date "2022.10.30"]
[Round "3.1"]
[White "Kantorovitch, Vladimir"]
[Black "Sohlmann, Jan- Henning"]
[Result "0-1"]
[WhiteElo "2130"]
[BlackElo "2242"]
[PlyCount "66"]
[SourceVersionDate "2023.06.22"]

1. e4 e6 2. d4 d5 3. e5 c5 4. c3 Bd7 5. a3 c4 6. Nf3 Nc6 7. Be2 Qb6 8. O-O f6
9. Nbd2 Na5 10. Re1 Nh6 11. Bf1 Nf7 12. g3 f5 13. Bg2 Be7 14. h4 h6 15. h5
O-O-O 16. Nh4 Bxh4 17. gxh4 Rhg8 18. Kh2 g5 19. Nf3 Rg7 20. Qe2 Nb3 21. Rb1
Rdg8 22. Rg1 g4 23. Nd2 Qd8 24. Kg3 f4+ 25. Kxf4 Nxd2 26. Qxd2 g3 27. f3 Qxh4+
28. Ke3 Qxh5 29. Rh1 Qf5 30. Ra1 Nxe5 31. Ke2 Ng4 32. fxg4 Qf2+ 33. Kd1 Ba4+
0-1

[Event "Welper- Düsseldorf- Süd"]
[Site "?"]
[Date "2022.10.30"]
[Round "3.2"]
[White "Fuellgrabe, Thomas"]
[Black "Tagsold, Christian"]
[Result "1/2-1/2"]
[WhiteElo "2256"]
[BlackElo "2114"]
[PlyCount "30"]
[SourceVersionDate "2023.06.22"]

1. e4 e5 2. Nf3 Nc6 3. Bc4 Bc5 4. c3 Nf6 5. d4 exd4 6. e5 d5 7. Bb5 Ne4 8. cxd4
Bb6 9. Nc3 O-O 10. Be3 f5 11. exf6 Rxf6 12. Qb3 Nxc3 13. bxc3 Bg4 14. Be2 Qd6
15. O-O Raf8 1/2-1/2

[Event "Welper- Düsseldorf- Süd"]
[Site "?"]
[Date "2022.10.30"]
[Round "3.3"]
[White "Hoffmann, Andre"]
[Black "Bastians, Felix"]
[Result "0-1"]
[WhiteElo "2017"]
[BlackElo "2174"]
[Annotator "daniel"]
[PlyCount "70"]
[SourceVersionDate "2023.06.22"]

1. e4 Nf6 2. e5 Nd5 3. d4 d6 4. Nf3 dxe5 5. Nxe5 c6 6. c4 Nb6 7. Nc3 N8d7 8.
Bf4 Nxe5 9. Bxe5 Nd7 10. Bg3 g6 11. Qd2 Bg7 12. Be2 O-O 13. O-O-O c5 14. d5 Qa5
15. h4 b5 16. cxb5 a6 17. b6 Nxb6 18. Kb1 Bf5+ 19. Ka1 Ra7 20. Bf4 Na4 21. Nxa4
Qxa4 22. Bh6 Bf6 23. Bxf8 Bc2 24. Bc4 Rb7 25. Rb1 Bxb1 26. Rxb1 Qxc4 27. Bh6
$11 Qxh4 28. Be3 c4 29. g3 Qe4 30. f3 Qxf3 31. Bd4 Qxd5 32. Rd1 Rd7 33. Bc3
Qxd2 34. Rxd2 Rxd2 35. Bxd2 h5 0-1

[Event "Welper- Düsseldorf- Süd"]
[Site "?"]
[Date "2022.10.30"]
[Round "3.4"]
[White "Schaller, Fabian"]
[Black "Reinartz, Achim"]
[Result "1/2-1/2"]
[WhiteElo "2062"]
[BlackElo "1949"]
[PlyCount "61"]
[SourceVersionDate "2023.06.22"]

1. Nf3 d5 2. b3 Bf5 3. Bb2 Nf6 4. c4 e6 5. g3 c6 6. Bg2 Be7 7. O-O O-O 8. d3 h6
9. Nbd2 Nbd7 10. a3 a5 11. Bc3 Qb6 12. Qc2 Bc5 13. Qb2 Rfc8 14. d4 Bf8 15. Ne5
Qc7 16. Rfe1 Bh7 17. e4 dxe4 18. Nxe4 Bxe4 19. Bxe4 Nxe5 20. dxe5 Nxe4 21. Rxe4
Rd8 22. h4 Rd3 23. Bd4 Rd8 24. Be3 Rd1+ 25. Kg2 Rxa1 26. Qxa1 Rd3 27. Qb2 Qd8
28. Rd4 Rxd4 29. Bxd4 Bxa3 30. Qxa3 Qxd4 31. Qxa5 1/2-1/2

[Event "Welper- Düsseldorf- Süd"]
[Site "?"]
[Date "2022.10.30"]
[Round "3.5"]
[White "Huenemeyer, Dirk"]
[Black "Linde, Wolfgang"]
[Result "1/2-1/2"]
[WhiteElo "1971"]
[BlackElo "2092"]
[PlyCount "33"]
[SourceVersionDate "2023.06.22"]

1. c4 e6 2. g3 d5 3. Bg2 Nf6 4. Nf3 Be7 5. b3 O-O 6. Bb2 c6 7. O-O b6 8. cxd5
cxd5 9. Nc3 Nc6 10. Nb5 Ba6 11. Nbd4 Nxd4 12. Nxd4 Qd7 13. d3 Rfc8 14. Nf3 Qd8
15. Qd2 h6 16. Rac1 Rxc1 17. Rxc1 1/2-1/2

[Event "Welper- Düsseldorf- Süd"]
[Site "?"]
[Date "2022.10.30"]
[Round "3.8"]
[White "Nuernberger, David"]
[Black "Ovchinnikov, Max"]
[Result "1/2-1/2"]
[WhiteElo "1490"]
[BlackElo "1734"]
[PlyCount "120"]
[SourceVersionDate "2023.06.22"]

1. e4 e6 2. d4 d5 3. Nd2 c5 4. exd5 Qxd5 5. Ngf3 Nc6 6. Bc4 Qd8 7. Nb3 cxd4 8.
O-O Nf6 9. Nbxd4 Nxd4 10. Qxd4 Qxd4 11. Nxd4 Bc5 12. Nb3 Bb6 13. Bg5 Bd7 14.
Rad1 Bc6 15. Nd4 Be4 16. Bb5+ Ke7 17. Rfe1 Bg6 18. c3 Rhd8 19. Re2 Rd5 20.
Bxf6+ Kxf6 21. Bc4 Rd6 22. Red2 Rad8 23. Kf1 e5 24. Nb3 Rxd2 25. Rxd2 Rxd2 26.
Nxd2 Bc7 27. Ke2 Kg5 28. Bd5 b6 29. b4 f5 30. Nb3 Bd6 31. a3 Be8 32. c4 Ba4 33.
c5 bxc5 34. bxc5 Bc7 35. c6 Bxb3 36. Bxb3 Kf6 37. Kd3 Ke7 38. Kc4 Kd6 39. Ba4
e4 40. h4 h6 41. h5 Bb6 42. f3 e3 43. Kd3 f4 44. Bb5 Kc5 45. a4 Kd5 46. Ke2 Ke5
47. Kd3 Kf5 48. Ba6 g5 49. hxg6 Kxg6 50. Ke4 Bc7 51. Kd3 Kg5 52. Ke2 Kh4 53.
Kf1 Kg3 54. Be2 h5 55. Bd1 h4 56. Be2 h3 57. gxh3 Kxh3 58. Bc4 Kh4 59. Ke2 Bb6
60. Kd3 Kg5 1/2-1/2

[Event "Euskirchen- Düsseldorf 2"]
[Site "?"]
[Date "2022.10.30"]
[Round "3.1"]
[White "Harff, Marcel"]
[Black "Neubauer, Juergen"]
[Result "1-0"]
[WhiteElo "2325"]
[BlackElo "2054"]
[PlyCount "97"]
[SourceVersionDate "2023.06.22"]

1. c4 c5 2. b3 Nc6 3. Bb2 e5 4. g3 d6 5. Bg2 Bg4 6. Nc3 Nf6 7. Nf3 Be7 8. h3
Bd7 9. a3 a6 10. e3 Qb6 11. Ne2 Na5 12. Bc3 Bf5 13. d3 O-O 14. O-O Nc6 15. g4
Bg6 16. Ng3 Rad8 17. Nh4 d5 18. g5 Nd7 19. Nxg6 hxg6 20. cxd5 Na7 21. h4 Nb5
22. Bd2 f5 23. a4 Nd6 24. h5 Bxg5 25. hxg6 Bh6 26. Rb1 Rf6 27. Qh5 Nf8 28. Bc3
Nxg6 29. Bh3 f4 30. Be6+ Kf8 31. exf4 Nxf4 32. Qxe5 Nxe6 33. dxe6 Re8 34. b4 c4
35. Qc5 Qxc5 36. bxc5 Rfxe6 37. cxd6 cxd3 38. Rfd1 d2 39. d7 Rd8 40. Rxb7 Ke7
41. Bxd2 Bxd2 42. Rxd2 g6 43. f3 Kf6 44. Ne4+ Ke5 45. Nc5 Rc6 46. Re2+ Kf4 47.
Nd3+ Kxf3 48. Ne5+ Kxe2 49. Nxc6 1-0

[Event "Euskirchen- Düsseldorf 2"]
[Site "?"]
[Date "2022.10.30"]
[Round "3.2"]
[White "Brinkmann, Sven"]
[Black "Hainke, Guntram"]
[Result "1/2-1/2"]
[WhiteElo "2046"]
[BlackElo "2286"]
[Annotator "daniel"]
[PlyCount "119"]
[SourceVersionDate "2023.06.22"]

1. e4 c6 2. d4 d5 3. Nc3 dxe4 4. Nxe4 Bf5 5. Ng3 Bg6 6. Nf3 e6 7. Bd3 Nf6 8.
O-O Be7 9. Re1 Bxd3 10. Qxd3 O-O 11. Qb3 Qc7 12. Bd2 Nbd7 13. c4 Rfe8 14. Rad1
Rad8 15. Bc3 Bd6 16. Qc2 b6 17. b3 Qb7 18. Ne5 Nf8 19. Ne4 Bxe5 20. dxe5 Nxe4
21. Qxe4 Qc7 22. h4 $11 Rd7 23. Rxd7 Qxd7 24. h5 Rd8 25. Qg4 Qd3 26. Re3 Qb1+
27. Kh2 Rd1 28. Re2 Rh1+ 29. Kg3 Qc1 30. Bd2 Qd1 31. Bh6 g6 32. Rd2 Qc1 33. Qf4
Qc3+ 34. f3 Rxh5 35. Bg5 Qc1 36. Bf6 Qe1+ 37. Rf2 Qg1 38. Qd4 Qh2+ 39. Kg4 Rf5
40. f4 h5+ 41. Kf3 Nd7 42. Ke2 Nxf6 43. g4 Qh4 44. gxf5 Ng4 45. fxe6 Nxf2 46.
exf7+ Kxf7 47. Qxf2 Qh1 48. Qf3 Qh2+ 49. Qf2 Qh1 50. Qf3 Qb1 51. Qxc6 Qxa2+ 52.
Kf1 Qb1+ 53. Kg2 Qc2+ 54. Kg3 Qc3+ 55. Qf3 Qe1+ 56. Kh3 Kg7 57. Qb7+ Kh6 58.
Qf3 Kg7 59. Qb7+ Kh6 60. Qf3 1/2-1/2